000 01148nam a2200277Ia 4500
003 OSt
005 20220923211545.0
006 a|||||r|||| 00| 0
007 ta
008 220922b |||||||| |||| 00| 0 hin d
020 _a9789383931958 (hbk)
_c1990
024 _a354,539
037 _b1102, 28/12/2021, Rupa Prkashan
_cTextual
040 _aARTS
_cARTS
_bhin
041 _2hin
_ahin
082 _aO152:g(Y5927), Q9
100 _aराम चंद्र, संपा.
245 0 _aहिन्दी दलित आत्मकथाएं
_b स्वानुभूति एवं सर्जना का परिप्रेक्ष्य
246 _aHindī dalit ātmakathāean: swānubhūti evan sarjanā kā pariprekṣhya
260 _aदिल्ली
_b एकेडमिक पब्लिकेशन
_c2019
300 _a280पृ.
_ccm.
490 _vश्रृंखला 1
650 _aहिन्दी साहित्य
_9156264
942 _hO152:g(Y5927), Q9
_cTEXL
_2CC
999 _c300767
_d300767